| 000 | 00670nam a22002057a 4500 | ||
|---|---|---|---|
| 003 | OSt | ||
| 005 | 20251117163424.0 | ||
| 008 | 251117b |||||||| |||| 00| 0 eng d | ||
| 020 | _a81-207-2717-7. | ||
| 040 |
_aDWCL-Main lib. _cOC |
||
| 082 | _aCirc. 152.4 K45a 2004 | ||
| 100 | _aKhera, Shiv | ||
| 245 |
_aAttitude determines altitude : _brespond to life more enthusiastically, both at work and home/ _cShiv Khera |
||
| 260 |
_aNew Delhi : _bSterling Pub. Pvt. Ltd. _c, c2004. |
||
| 300 |
_a47 p. : _b ill. ; _c18 cm. _e+ 1 VCD |
||
| 650 | _a1. Attitude (Psychology). | ||
| 650 | _a2. Emotions. | ||
| 650 | _a3. Psychology. | ||
| 942 |
_2ddc _cBK-CIRC _hCirc. _n0 |
||
| 999 |
_c5735 _d5735 |
||